000
00418nam a22001697a 4500
003
MPLRDC
005
20220104144349.0
008
210129b ||||| |||| 00| 0 eng d
082
_a
628.5 LM
100
_a
凌明译
245
_a
日本战犯回忆录
_c
250
_a
一版
260
_a
_b
四海出版社
_c
1975
300
_b
平
650
_a
中国现代史; 民国史--中日战争
942
_c
BK
_o
628.5 LM
999
_c
48889
_d
48879